Solutions Manuals on Financial Accounting: (Record no. 187472)

MARC details
000 -LEADER
fixed length control field 00665nam a22001937a 4500
005 - DATE AND TIME OF LATEST TRANSACTION
control field 20220420161948.0
010 ## - LCCN (DPL NO)
LC control number ENG-132341
020 ## - INTERNATIONAL STANDARD BOOK NUMBER
International Standard Book Number 9789350978214
Terms of availability 300.00
035 ## - SYSTEM CONTROL NUMBER
System control number EN-115873
037 ## - SOURCE OF ACQUISITION
Source of stock number/acquisition DBAD/PUB
082 ## - DEWEY DECIMAL CLASSIFICATION NUMBER
Classification number 657.48
100 ## - MAIN ENTRY--PERSONAL NAME
Personal name Lal, Jawahar
245 ## - TITLE STATEMENT
Title Solutions Manuals on Financial Accounting:
Remainder of title For Four Year Degree Course in Commerce/
Statement of responsibility, etc Jawahar Lal and Seema Srivastava
260 ## - PUBLICATION, DISTRIBUTION, ETC. (IMPRINT)
Place of publication, distribution, etc Mumbai
Name of publisher, distributor, etc Himalaya Publishing House Pvt Ltd
Date of publication, distribution, etc 2020
270 ## - ADDRESS
Address Ramdoot Dr. Bhalerao Marg, Girgaon
City Mumbai
Postal code 400004
Electronic mail address himpub@vsnl.com
300 ## - PHYSICAL DESCRIPTION
Extent v, 170p.
Dimensions 24cm(pbk)
700 ## - ADDED ENTRY--PERSONAL NAME
Personal name Srivastava, Seema
942 ## - ADDED ENTRY ELEMENTS (KOHA)
Source of classification or shelving scheme Dewey Decimal Classification
Item type English Books
Classification part 657.48
Call number suffix LAL
Holdings
Withdrawn status Lost status Not for loan Collection code Home library Current library Date acquired Source of acquisition Cost, normal purchase price Full call number Barcode Copy number Cost, replacement price Koha item type
      Non-fiction Bawana Bawana 20/04/2022 DBAD/PUB 300.00 657.48 LAL EN-115873 1 300.00 English Books

© Delhi Public Library
Hit Counter
free hit counter